LEADER 00880nam0-22003011i-450- 001 990008001790403321 005 20050322125328.0 010 $a0-582-21884-5 035 $a000800179 035 $aFED01000800179 035 $a(Aleph)000800179FED01 035 $a000800179 100 $a20050209d1995----km-y0itay50------ba 101 0 $aeng 200 1 $a<>introduction to computational fluid dynamics$ethe finite volume method$fH.K. Verteeg, W. Malalasekera 205 $a1st ed. 210 $aHarlow$cLongman$d1995 610 0 $aFluidodinamica 676 $a621.402 700 1$aVerteeg,$bH. K.$0496783 701 1$aMalalasekera,$bW.$0496784 801 0$aIT$bUNINA$gRICA$2UNIMARC 901 $aBK 912 $a990008001790403321 952 $a00 A2675$b5264$fDETEC 959 $aDETEC 996 $aIntroduction to computational fluid dynamics$9749590 997 $aUNINA LEADER 00804nam a2200241 i 4500 001 991003746729707536 008 080625s2008 it 000 0 ita d 020 $a9788833918983 035 $ab13745530-39ule_inst 040 $aSSC$bita 082 04$a306.6 100 1 $aAugé, Marc$0382055 245 10$aGenio del paganesimo /$cMarc Augé 260 $aTorino :$bBollati Boringhieri,$c2008 300 $a322 p. ;$c22 cm 440 0$aUniversale Bollati Boringhieri ;$v562 650 4$aPaganesimo 907 $a.b13745530$b02-04-14$c25-06-08 912 $a991003746729707536 945 $aLE021 SOC25D242$g1$i2021000101991$lle021$o-$pE19.00$q-$rl$s- $t0$u1$v0$w1$x0$y.i14809357$z24-07-08 996 $aGénie du paganisme$939198 997 $aUNISALENTO 998 $ale021$b25-06-08$cm$da $e-$fita$git $h0$i0